000 01609nam0a2200361 4500
001 RU\NLR\BIBL_A\022379112
005 20260420021329.0
010 _a978-5-16-019951-1
_9500
021 _aRU
_bКН-П-24-056314
_9КН-П-24-5612
035 _a(NLR Aleph) 022379112
090 _a13669897
_c13669897
100 _a20241111d2025 k y0rusy50 ca
101 0 _arus
102 _aRU
105 _aa z 000yy
181 0 _ai3
_baxxe
182 0 _an
200 1 _aОценка устойчивого формирования профессиональных знаний в контексте достойного труда
_eмонография
_fМ. В. Герман, Е. В. Нехода
203 _aТекст
_bвизуальный
_cнепосредственный
210 _aМосква
_cИНФРА-М
_d2025 [т. е. 2024]
215 _a236 c
_cил.
_d22
225 1 _aНаучная мысль
300 _aНа 4-й с. обл. 1-2 авт.: Герман М. В , д. э.н., доц., проф., Нехода Е. В. , д. э. н. проф.
300 _aКнига фактически изд. в 2024 году
320 _aБиблиогр.: с. 151-164 (177 назв.)
606 1 _aТруд
_xУсловия
_xОценка
_yРоссийская Федерация
_92232743
_3RU\NLR\AUTH\6601572337
686 1 _aУ24(2)7(2Р)
700 1 _aГерман
_bМ. В.
_gМария Викторовнв
701 1 _aНехода
_bЕ. В.
_gЕвгения Владимировна
942 _cBOOK
980 _aNB